[Event "Mittelfranken-chT 0405"]
[White "Koschka, Robert"]
[Black "Mais, Michael"]
[Site "Germany"]
[Round "5.2"]
[Result "1/2-1/2"]
[Date "2005.01.23"]
[WhiteElo "1844"]
[BlackElo "1947"]
[PlyCount "130"]
[EventDate "2004.10.17"]
[EventType "team-tourn"]
[EventRounds "9"]
[EventCountry "GER"]
[SourceTitle "EXT 2007"]
[Source "ChessBase"]
[SourceDate "2006.11.23"]
[SourceVersion "1"]
[SourceVersionDate "2006.11.23"]
[SourceQuality "1"]

1. e4 d6 2. d4 g6 3. f4 Bg7 4. Nf3 Nf6 5. Bd3 0-0 6. c3 c5 7. 0-0 cxd4 8. cxd4 Bg4 9. Be3 Nc6 10. Qd2 Bxf3 11. gxf3 Nh5 12. Bb5 e6 13. Nc3 Ne7 14. Ne2 d5 15. Rac1 Qb6 16. Rc5 Rfd8 17. e5 Bf8 18. Bd3 Ng7 19. Rfc1 a6 20. R5c3 Nc6 21. a3 Ne7 22. Ng3 h5 23. h4 Nc6 24. Ne2 Be7 25. Bf2 Rdc8 26. b4 Qd8 27. Qe1 Kh8 28. Kh2 Na7 29. R1c2 a5 30. Kh3 axb4 31. axb4 Nc6 32. b5 Nb4 33. Rxc8 Rxc8 34. Rxc8 Qxc8 35. Qd2 Nxd3 36. Qxd3 Nf5 37. Qc3 Qd7 38. Qb3 Qd8 39. Qc3 Bxh4 40. Qe1 Bxf2 41. Qxf2 Qa5 42. Ng3 Nxg3 43. Qxg3 Qxb5 44. f5 exf5 45. e6 Kg8 46. e7 Qe8 47. Qd6 f6 48. Qxd5+ Kg7 49. Qe6 g5 50. d5 g4+ 51. fxg4 hxg4+ 52. Kg3 f4+ 53. Kxg4 Qg6+ 54. Kxf4 Qg5+ 55. Ke4 Qg2+ 56. Kd4 Qf2+ 57. Kc4 b5+ 58. Kxb5 Qb2+ 59. Kc6 Qc2+ 60. Kd7 Qa4+ 61. Qc6 Qa7+ 62. Kd8 Qb8+ 63. Kd7 Qa7+ 64. Qc7 Qa4+ 65. Kc8 Qa8+ 1/2-1/2

[Event "Mittelfranken-chT 0405"]
[White "Mais, Michael"]
[Black "Hannweber, Markus"]
[Site "Germany"]
[Round "2.2"]
[Result "0-1"]
[Date "2004.11.07"]
[WhiteElo "1947"]
[BlackElo "1872"]
[PlyCount "61"]
[EventDate "2004.10.17"]
[EventType "team-tourn"]
[EventRounds "9"]
[EventCountry "GER"]
[SourceTitle "EXT 2007"]
[Source "ChessBase"]
[SourceDate "2006.11.23"]
[SourceVersion "1"]
[SourceVersionDate "2006.11.23"]
[SourceQuality "1"]

1. e4 e5 2. Nf3 Nc6 3. Bc4 Bc5 4. b4 Bxb4 5. c3 Be7 6. d4 Na5 7. Bxf7+ Kxf7 8. Nxe5+ Kf8 9. Qh5 Qe8 10. Qf5+ Nf6 11. Qf4 d6 12. Nf3 Kg8 13. 0-0 Nc4 14. e5 Nh5 15. Qe4 Qg6 16. Qe2 d5 17. Ne1 Bf5 18. Nd2 Nf4 19. Qf3 Bg5 20. Nxc4 Be4 21. Qd1 dxc4 22. f3 Bd5 23. Kh1 h6 24. h4 Qh5 25. g3 Ne6 26. Kg2 Bxc1 27. Qxc1 Kh7 28. Kh3 Rhf8 29. g4 Qf7 30. Ng2 Nf4+ 31. Kg3 0-1

[Event "Mittelfranken-ch HT 53rd"]
[White "Schmitt, Werner"]
[Black "Mais, Michael"]
[Site "Lauf"]
[Round "3"]
[Result "0-1"]
[Date "2004.04.07"]
[WhiteElo "1709"]
[BlackElo "1950"]
[PlyCount "58"]
[EventDate "2004.04.06"]
[EventType "swiss"]
[EventRounds "9"]
[EventCountry "GER"]
[SourceTitle "EXT 2011"]
[Source "ChessBase"]
[SourceDate "2010.11.26"]
[SourceVersion "1"]
[SourceVersionDate "2010.11.26"]
[SourceQuality "1"]

1. e4 d6 2. d4 Nf6 3. Nc3 g6 4. h3 Bg7 5. Be3 0-0 6. Qd2 Nc6 7. Nf3 a6 8. a4 Qe8 9. Be2 e5 10. d5 Ne7 11. 0-0 Nd7 12. Ng5 h6 13. Nf3 Kh7 14. Nh2 f5 15. f4 fxe4 16. Nxe4 Nf5 17. fxe5 Qxe5 18. Bf3 Nxe3 19. Qxe3 Qxb2 20. c3 Qb6 21. Ng4 Qxe3+ 22. Nxe3 Ne5 23. Be2 Bd7 24. Rxf8 Rxf8 25. Rb1 Bc8 26. Ng4 Rf4 27. Nef2 Rxa4 28. Nxe5 Bxe5 29. c4 b6 0-1

[Event "Mittelfranken-ch HT 52nd"]
[White "Mais, Michael"]
[Black "Vogiatzis, Joannis"]
[Site "Uttenreuth"]
[Round "8"]
[Result "1-0"]
[Date "2003.04.18"]
[WhiteElo "1990"]
[BlackElo "2064"]
[PlyCount "84"]
[EventDate "2003.04.15"]
[EventType "swiss"]
[EventRounds "9"]
[EventCountry "GER"]
[SourceTitle "EXT 2011"]
[Source "ChessBase"]
[SourceDate "2010.11.26"]
[SourceVersion "1"]
[SourceVersionDate "2010.11.26"]
[SourceQuality "1"]

1. d4 d5 2. e3 g6 3. Bd3 Bg7 4. Nd2 Nh6 5. Ngf3 Nf5 6. 0-0 Nd6 7. c4 e6 8. c5 Nf5 9. b4 b6 10. Ba3 c6 11. b5 Ne7 12. Qa4 Bb7 13. Rab1 Nd7 14. Rfc1 a6 15. bxc6 Bxc6 16. Qc2 b5 17. Qc3 Qc7 18. Rc2 0-0 19. Bc1 Rfb8 20. Rcb2 e5 21. Ne1 Rf8 22. Nf1 f5 23. Nc2 e4 24. Be2 g5 25. Nb4 Nb8 26. a4 bxa4 27. Nxc6 Nbxc6 28. Rb7 Qc8 29. Qa3 Bf6 30. Qxa4 a5 31. R1b6 Nb4 32. Bb5 f4 33. Bd2 Qg4 34. Bd7 Qe2 35. Bb5 Qg4 36. c6 Nf5 37. c7 Nh4 38. Ng3 fxg3 39. hxg3 Nf3+ 40. gxf3 exf3 41. Rb8 Nc6 42. Bxc6 Qh3 1-0

[Event "Mittelfranken-chA"]
[White "Mais, Michael"]
[Black "Klein, Waldemar"]
[Site "Postbauer"]
[Round "5"]
[Result "1/2-1/2"]
[Date "1998.??.??"]
[WhiteElo "1875"]
[BlackElo "1951"]
[PlyCount "101"]
[EventDate "1998.04.07"]
[EventType "swiss"]
[EventRounds "9"]
[EventCountry "GER"]
[SourceTitle "EXT 2011"]
[Source "ChessBase"]
[SourceDate "2010.11.26"]
[SourceVersion "1"]
[SourceVersionDate "2010.11.26"]
[SourceQuality "1"]

1. e4 c6 2. d4 g6 3. c3 d5 4. e5 h5 5. Bd3 Nh6 6. Ne2 Bf5 7. Ng3 Bxd3 8. Qxd3 e6 9. Nd2 Qb6 10. Nf3 Qa6 11. Qc2 Nd7 12. Ng5 c5 13. Qe2 Qxe2+ 14. Kxe2 Be7 15. h4 Rc8 16. Nf3 cxd4 17. cxd4 Rc2+ 18. Bd2 Rxb2 19. Rhb1 Rxb1 20. Rxb1 b6 21. Rc1 Kd8 22. Bg5 Bxg5 23. Nxg5 Nb8 24. Rc3 Kd7 25. Kd3 Nc6 26. a3 Rc8 27. Ne2 Ne7 28. Rxc8 Nxc8 29. Nc3 a6 30. Nh7 Ne7 31. Nf6+ Kc6 32. Na2 Nef5 33. g3 Ng4 34. Nxg4 hxg4 35. Kc3 Kb5 36. Nb4 a5 37. Nc2 Ka4 38. Kb2 b5 39. Kc3 b4+ 40. axb4 axb4+ 41. Nxb4 Nxd4 42. Nxd5 Nb5+ 43. Kc4 exd5+ 44. Kxd5 Kb4 45. Ke4 Kc5 46. e6 fxe6 47. Kf4 Nc3 48. Kxg4 e5 49. Kg5 Ne4+ 50. Kxg6 Nxf2 51. h5 1/2-1/2

[Event "Mittelfranken-chA"]
[White "Walter, Markus"]
[Black "Mais, Michael"]
[Site "Postbauer"]
[Round "2"]
[Result "1-0"]
[Date "1998.??.??"]
[WhiteElo "1993"]
[BlackElo "1875"]
[PlyCount "99"]
[EventDate "1998.04.07"]
[EventType "swiss"]
[EventRounds "9"]
[EventCountry "GER"]
[SourceTitle "EXT 2011"]
[Source "ChessBase"]
[SourceDate "2010.11.26"]
[SourceVersion "1"]
[SourceVersionDate "2010.11.26"]
[SourceQuality "1"]

1. e4 e5 2. Nf3 Nc6 3. Bc4 Bc5 4. c3 d6 5. 0-0 Bg4 6. h3 Bxf3 7. Qxf3 Qf6 8. Qg3 Nge7 9. d3 Qg6 10. Qxg6 Nxg6 11. a4 Bb6 12. Be3 Nce7 13. Na3 c6 14. Nc2 f5 15. f3 Rf8 16. Bb3 Nf4 17. Rad1 d5 18. exd5 Bxe3+ 19. Nxe3 cxd5 20. Rfe1 0-0-0 21. Nc2 Nc6 22. Kh2 Rfe8 23. g3 Nh5 24. Ne3 f4 25. gxf4 Nxf4 26. Ng2 Ne6 27. Re2 Nc5 28. Bc2 d4 29. b4 Nd7 30. b5 Na5 31. cxd4 exd4 32. Rde1 Nf6 33. Nf4 Kd7 34. Ne6 b6 35. Nxd8 Rxe2+ 36. Rxe2 Kxd8 37. Rg2 g6 38. Re2 Kd7 39. Kg2 Nb7 40. f4 Nd6 41. Bb3 Nb7 42. Bc4 Nc5 43. Ra2 Nb7 44. Kf3 Kd6 45. Re2 Nc5 46. Re5 Kd7 47. a5 Kd6 48. axb6 axb6 49. Re2 Ncd7 50. Re6+ 1-0

[Event "Mittelfranken-ch"]
[White "Auer, Guenther"]
[Black "Mais, Michael"]
[Site "Roethenbach"]
[Round "3"]
[Result "1/2-1/2"]
[Date "1996.??.??"]
[WhiteElo "1980"]
[BlackElo "1885"]
[PlyCount "39"]
[EventDate "1996.??.??"]
[EventType "swiss"]
[EventRounds "9"]
[EventCountry "GER"]
[SourceTitle "EXT 2004"]
[Source "ChessBase"]
[SourceDate "2003.11.25"]
[SourceVersion "1"]
[SourceVersionDate "2003.11.25"]
[SourceQuality "1"]

1. e4 e5 2. Nf3 Nc6 3. d4 exd4 4. Nxd4 Bc5 5. Nb3 Bb6 6. Nc3 d6 7. a4 a5 8. Nd5 Ba7 9. Bb5 Bd7 10. Bd2 Nge7 11. Bc3 Nxd5 12. exd5 Qe7+ 13. Qe2 Qxe2+ 14. Kxe2 Nb4 15. Bxb4 axb4 16. Kf3 c6 17. Rhe1+ Kd8 18. dxc6 bxc6 19. Bd3 Be6 20. Rad1 1/2-1/2

[Event "Mittelfranken-ch"]
[White "Mais, Michael"]
[Black "Hepting, Heinrich"]
[Site "Roethenbach"]
[Round "4"]
[Result "0-1"]
[Date "1996.??.??"]
[WhiteElo "1885"]
[BlackElo "2110"]
[PlyCount "40"]
[EventDate "1996.??.??"]
[EventType "swiss"]
[EventRounds "9"]
[EventCountry "GER"]
[SourceTitle "EXT 2004"]
[Source "ChessBase"]
[SourceDate "2003.11.25"]
[SourceVersion "1"]
[SourceVersionDate "2003.11.25"]
[SourceQuality "1"]

1. e4 c6 2. Nf3 d5 3. exd5 cxd5 4. d4 Nc6 5. c3 g6 6. g3 Bg7 7. Bg2 Nh6 8. 0-0 0-0 9. Bf4 f6 10. Re1 Nf7 11. Na3 e5 12. dxe5 fxe5 13. Be3 e4 14. Nd4 Nfe5 15. f4 exf3 16. Nxf3 Bg4 17. Rf1 Nxf3+ 18. Bxf3 Rxf3 19. Rxf3 Ne5 20. Kf2 Bxf3 0-1